000 01662nam0a2200361 4500
001 RU\NLR\bibl\902200
005 20260405093145.0
010 _a5-89392-140-2
021 _aRU
_b2005-73323
_93611
035 _a(nilc)RSL-KNO-002765730
035 _a(NLR Aleph) 000890632
090 _a1716129
_c1716129
100 _a20051110d2006 |||y0rusy50 ca
101 1 _arus
_ceng
102 _aRU
105 _aa |||||||||
106 _ar
200 1 _aAdobe InDesign CS2
_eверстка кн., газет, журналов
_f[гл. ред. Александр Жадаев
_gпер. с англ. Александр Климович]
210 _aМосква
_cТриумф
_d2006
215 _a431 с.
_cил.
_d24
_eCD-ROM
225 1 _aОфициальный учебный курс
606 1 _aADOBE INDESIGN CS2, издательская система
_92413188
_3RU\NLR\auth\661437655
610 0 _aПолиграфическое производство -- Процессы полиграфического производства -- Изготовление текстовых форм. Наборное дело -- Верстка и правка набора -- Автоматизация оборудования -- Пособие для самообразования
686 _aМ801.16-5-05я78-1
_2rubbk
686 _aМ8-5-05
702 1 _4340
_7ca
_8rus
_aЖадаев
_bА. Г.
_gАлександр Геннадиевич
_917137
_3RU\NLR\auth\7734131
801 0 _aRU
_bRuMoRKP
_c20051110
_grcr
801 1 _aRU
_bRuMoRGB
_c20051110
801 2 _aRU
_bNLR
_c20060201
_grcr
942 _cBOOK
980 _aNB